Party walls and what to do with them. (Record no. 97180)

MARC details
000 -LEADER
fixed length control field 00636cam a2200241 4500
008 - FIXED-LENGTH DATA ELEMENTS--GENERAL INFORMATION
fixed length control field 090401t1998 xxu||||| |||| 00| 0 eng d
020 ## - INTERNATIONAL STANDARD BOOK NUMBER
International Standard Book Number 0854069070
035 ## - SYSTEM CONTROL NUMBER
System control number (Sirsi) u86824
041 ## - LANGUAGE CODE
Language code of text/sound track or separate title eng
050 ## - LIBRARY OF CONGRESS CALL NUMBER
Classification number 692.2
100 ## - MAIN ENTRY--PERSONAL NAME
Personal name Anstey, John
245 ## - TITLE STATEMENT
Title Party walls and what to do with them.
250 ## - EDITION STATEMENT
Edition statement 5th ed.
260 ## - PUBLICATION, DISTRIBUTION, ETC.
Place of publication, distribution, etc. London
Name of publisher, distributor, etc. RICS
Date of publication, distribution, etc. 1998
300 ## - PHYSICAL DESCRIPTION
Extent 136p. ; 21cm.
350 ## - PRICE (NR) (BK AM CF MU VM SE) [OBSOLETE]
Price 15
650 ## - SUBJECT ADDED ENTRY--TOPICAL TERM
Topical term or geographic name entry element PARTY WALL ETC ACT 1996
650 ## - SUBJECT ADDED ENTRY--TOPICAL TERM
Topical term or geographic name entry element Party walls
9 (RLIN) 6258
690 ## - LOCAL SUBJECT ADDED ENTRY--TOPICAL TERM (OCLC, RLIN)
Topical term or geographic name as entry element BUILT ENVIRONMENT-BUILDING INSPECTION
710 ## - ADDED ENTRY--CORPORATE NAME
Corporate name or jurisdiction name as entry element Royal Institution of Chartered Surveyors.
9 (RLIN) 4900
942 ## - ADDED ENTRY ELEMENTS (KOHA)
Suppress in OPAC 0
948 ## - LOCAL PROCESSING INFORMATION (OCLC); SERIES PART DESIGNATOR (RLIN)
c (OCLC) 16/06/1998
Holdings
Withdrawn status Lost status Source of classification or shelving scheme Damaged status Not for loan Home library Current library Shelving location Date acquired Cost, normal purchase price Total Checkouts Full call number Barcode Date last seen Copy number Cost, replacement price Price effective from Koha item type Date last checked out
    Dewey Decimal Classification     London London RICS Boxes 14/09/1999 15.00   RICS 1998/45 30056395 06/08/2019 1 15.00 06/08/2019 Archive  
    Dewey Decimal Classification     London London RICS Boxes 14/09/1999 15.00   RICS 1998/45 30056396 06/08/2019 2 15.00 06/08/2019 Reference material  
    Dewey Decimal Classification     London London RICS Boxes 14/09/1999 15.00 32 RICS 1998/45 30056397 06/08/2019 3 15.00 06/08/2019 Book 15/03/2005